Inheriting Walter Benjamin

Αποθηκεύτηκε σε:
Λεπτομέρειες βιβλιογραφικής εγγραφής
Κύριος συγγραφέας: Richter, Gerhard 1967-
Μορφή: Βιβλίο
Γλώσσα:English
Δημοσίευση: London ; New York : Bloomsbury Academic, c2016.
Θέματα:
Ετικέτες: Προσθήκη ετικέτας
Δεν υπάρχουν, Καταχωρήστε ετικέτα πρώτοι!

MARC

LEADER 00000nam a2200000 a 4500
001 1/115968
008 180223t2016####enk| ||| |||| ||eng||
020 |a 9781474251235 
040 |a GR-MyUa  |b gre  |c GR-MyUa  |e AACR2 
041 0 |a eng 
082 7 |a 120.9  |2 (23) 
100 1 |a Richter, Gerhard  |d 1967- 
245 1 0 |a Inheriting Walter Benjamin /   |c Gerhard Richter. 
260 |a London ; New York :   |b Bloomsbury Academic,   |c c2016.  
300 |a 170 σ. ;   |c 23 εκ.  
504 |a Περιέχει βιβλιογραφικές αναφορές (σ. 137-163) και ευρετήριο.  
600 1 0 |a Benjamin, Walter  |d 1892-1940. 
852 |a INST  |b SAMOS  |e 20180223  |h 120.9 RIC  |p 005300045258  |q 005300045258  |t BK  |y 0 
922 |a 3ΕΛΗ  |b 2017-12  |c Μεταπτυχιακό - Τμήμα Μαθηματικών   |d Liberal Books 
970 |a Γουβάλα  |b Βάσω  |z 23-2-2018